Slightly Wrong Movie Misquotes Quiz Stats

 Plays Quiz Updated Nov 4, 2014

Also try: Movies by Synonyms
Challenge
Share
Tweet
Embed
Score 0/24 Timer 05:00
2 Plays Today
Synonymized Quote Correct Word % Correct
'You speakin' to me?' (Taxi Driver)Talkin'
96.7%
'Frankly, my sweet, I don't give a damn.' (Gone with the Wind)Dear
95.4%
'E.T. call home.' (E.T.)Phone
94.1%
'You're gonna need a larger boat.' (Jaws)Bigger
93.5%
'Show me the moolah!' (Jerry Maguire)Money
93.5%
'My Mama always said, 'Life was like a box of candies; you never know what you're gonna get.'' (Forrest Gump)Chocolates
90.9%
'I love the scent of napalm in the morning.' (Apocalypse Now)Smell
90.6%
'Toto, I've a sense we're not in Kansas anymore.' (Wizard of Oz)Feeling
90.4%
'Mrs. Robinson, you're trying to bed me, aren't you?' (The Graduate)Seduce
78%
'A boy's closest friend is his mother.' (Psycho)Best
77.3%
'They're not gonna catch us. We're on a job from God.' (Blues Brothers)Mission
77.2%
'I have always depended on the goodness of strangers.' (Streetcar Named Desire)Kindness
74.6%
Synonymized Quote Correct Word % Correct
'Fasten your seatbelts. It's going to be a turbulent night.' (All About Eve)Bumpy
72.6%
'I do wish we could chat longer, but I'm having an old friend for supper. Bye.' (Silence of the Lambs)Dinner
72.1%
'Fat, drunk and brainless is no way to go through life, son.' (Animal House)Stupid
69%
'Louis, I think this is the start of a beautiful friendship.' (Casablanca)Beginning
68.4%
'Take your stinking paws off me, you damned filthy ape.' (Planet of the Apes)Dirty
66.5%
'Open the pod bay hatches please, HAL.' (2001: A Space Odyssey)Doors
57.7%
'Listen to them. Children of the dark. What music they make.' (Dracula)Night
55.9%
'The things that dreams are made of.' (Maltese Falcon)Stuff
53.4%
'I am not an ape! I am a human being.' (Elephant Man)Animal
51.9%
'I am big! It's the movies that got small.' (Sunset Boulevard)Pictures
28.8%
'I have a mind for business and a bod for sin. Is there anything wrong with that?' (Working Girl)Head
15.4%
'I guess that was your partner in the wood chipper?' (Fargo)Accomplice
8.9%

You're not logged in!

Compare scores with friends on all Sporcle quizzes.
OR
Log In

You Might Also Like...

Show Comments

Extras

Top Quizzes Today


Score Distribution

Your Account Isn't Verified!

In order to create a playlist on Sporcle, you need to verify the email address you used during registration. Go to your Sporcle Settings to finish the process.

Report this User

Report this user for behavior that violates our Community Guidelines.

Details: